00758nam a22002057a 4500999001700000008004500017020001800062082002100080100001500101245002700116250001200143260004000155300001700195520012200212650002000334650002100354650002500375942000700400952014500407 c12286d12286221119b 2010 ||||| |||| 00| 0 eng d a9788132103059 a567.5.14k86bALO aKumar Alok aSquatting with Dignity a3rd ed. aNew DelhibSage Publications c2010 axxvii, 379p. aIntroduction Rural Sanitation Development in phases Debate on key policies and Evolution of Implementation strategy  aList of Tables  aList of Figures  aList of Photographs  cGB 00102ddc406567_500000000000000_14K86_ALO708NFIC915331aMUbMUcGENd2022-11-19o567.5.14k86 ALOpMPCG0898r2025-03-17yGBzColumn - 64